|
|
|
|
| LEADER |
02103nam a22003377a 4500 |
| 001 |
30173 |
| 003 |
BD-DhAAL |
| 008 |
151021s1995 bg a|||| |||| 00| 0 eng d |
| 040 |
|
|
|a BD-DhAAL
|d BD-DhAAL
|
| 082 |
|
|
|a 307.1412095492
|2 22
|
| 245 |
|
|
|a Formation of village organizations :
|b the first three months /
|c Manzurul Mannan ... [et al.].
|
| 260 |
|
|
|a Dhaka :
|b BRAC-ICDDR,B joint research project, BRAC,
|c 1995.
|
| 300 |
|
|
|a 27 pages :
|b illustrations ;
|c 28 cm.
|
| 490 |
|
|
|a Working paper ;
|v no. 4
|
| 541 |
|
|
|a Ayesha Abed Library
|e 30173
|
| 610 |
|
|
|a BRAC
|
| 650 |
|
|
|a Rural development
|x Bangladesh.
|9 16550
|
| 700 |
|
|
|a Mannan, Manzurul.
|9 57162
|
| 700 |
|
|
|a Chowdhury, Mushtaque.
|
| 700 |
|
|
|a Bhuiya, Abbas.
|
| 700 |
|
|
|a Rana, Masud.
|
| 710 |
|
|
|a BRAC.
|
| 830 |
|
|
|a Working paper ;
|v no. 4
|
| 852 |
|
|
|a Ayesha Abed Library
|c BRAC Resource Section
|
| 942 |
|
|
|2 ddc
|c BK
|
| 999 |
|
|
|c 47105
|d 47105
|
| 952 |
|
|
|0 0
|1 0
|2 ddc
|4 0
|6 307_141209549200000_FOR
|7 1
|9 76892
|a BRACUL
|b BRACUL
|c BRS
|d 2015-10-27
|e Ayesha Abed Library
|l 0
|o 307.1412095492 FOR
|p 3010030173
|r 2024-11-12
|t 1
|w 2024-11-12
|y BK
|x Ayesha Abed Library ; price not available in register
|
| 952 |
|
|
|0 0
|1 0
|2 ddc
|4 0
|6 307_141209549200000_FOR
|7 1
|9 76893
|a BRACUL
|b BRACUL
|c BRS
|d 2015-10-27
|e Ayesha Abed Library
|l 1
|o 307.1412095492 FOR
|p 3010030174
|r 2025-12-30
|s 2025-03-23
|t 2
|w 2024-11-12
|y BK
|x Ayesha Abed Library ; price not available in register
|
| 952 |
|
|
|0 0
|1 0
|2 ddc
|4 0
|6 307_141209549200000_FOR
|7 1
|9 76894
|a BRACUL
|b BRACUL
|c BRS
|d 2015-10-27
|e Ayesha Abed Library
|l 0
|o 307.1412095492 FOR
|p 3010030452
|r 2024-11-12
|t 3
|w 2024-11-12
|y BK
|x Ayesha Abed Library ; price not available in register
|
| 952 |
|
|
|0 0
|1 0
|2 ddc
|4 0
|6 307_141209549200000_FOR
|7 1
|9 76895
|a BRACUL
|b BRACUL
|c BRS
|d 2015-10-27
|e Ayesha Abed Library
|l 0
|o 307.1412095492 FOR
|p 3010030453
|r 2024-11-12
|t 4
|w 2024-11-12
|y BK
|x Ayesha Abed Library ; price not available in register
|
| 952 |
|
|
|0 0
|1 0
|2 ddc
|4 0
|6 307_141209549200000_FOR
|7 1
|9 76896
|a BRACUL
|b BRACUL
|c BRS
|d 2015-10-27
|e Ayesha Abed Library
|l 0
|o 307.1412095492 FOR
|p 3010030454
|r 2024-11-12
|t 5
|w 2024-11-12
|y BK
|x Ayesha Abed Library ; price not available in register
|